00283nam a2200109Ia 4500008004100000020002200041082002100063100001400084245004500098260002100143300000900164210430s9999 xx 000 0 und d a978-81-203-3060-3 a621.4022 S6931 I aS. K. Som aIntroduction to Heat TransfercS. K. Som aIndiabPHLc2008 a558P